The macmillan world atlas

Saved in:
Bibliografiske detaljer
Institution som forfatter: Macmillan World Atlas (Author)
Format: Bog
Sprog:engelsk
Udgivet: Nueva York Macmillan 1996
Fag:
Tags: Tilføj Tag
Ingen Tags, Vær først til at tagge denne postø!

MARC

LEADER 00000nam a2200000 a 4500
001 UCS4614
003 CL-VaPUC
008 970808e19960000US |||||||||||||||||eng|d
082 0 4 |a 912  |b MAC  |2 21 
110 2 |a Macmillan World Atlas  |e author  |9 390518 
245 1 4 |a The macmillan world atlas 
300 |a 415 p 
942 |c BK 
945 |d 19970808 00:00:00  |a jquezada 
260 |a Nueva York  |b Macmillan  |c 1996 
500 |a Incluye: 1 disquette 
650 0 |a Atlas   |9 260843 
650 0 |a Mapas  |9 260844 
650 0 |a Geografía  |9 259346 
650 7 |a GEOGRAFIA UNIVERSAL  |2 CL-VaPUC  |9 390519 
650 7 |a TIERRA  |2 CL-VaPUC  |9 261538 
650 7 |a CONTINENTES  |2 CL-VaPUC  |9 357728 
583 |a last modification  |c 19970808 00:00:00  |k Rodrigo Vera 
999 |c 261576  |d 261574 
952 |0 0  |1 0  |4 0  |6 912_000000000000000_MAC_1996  |7 0  |8 F  |9 289152  |a BIBARQ  |b BIBARQ  |d 2019-11-19  |i 3337383  |o 912 MAC 1996  |p 3337383  |r 2025-01-20  |w 2019-11-19  |y BK_F  |k ARQ